000
00262nam a22001097a 4500
050
_a
QP 514
_b
.M34
245
_a
Biological chemistry
_c
Mahler R.Henry
260
_a
Newyork:
_b
Harper& row,
_c
1966
300
_a
xv,872p.
650
_x
biological cemistry
942
_c
GEN
999
_c
1942
_d
1942